1836 1904 1183 1106 1505 1025 1999 1369 1047 1959 1682 1813 1435 1648 1131 1229 1443 1487 1451 1676 1272 1244 1392 1045 1751 1473 1255 1425 1363 1459 1377 1463 1822 1447 1543 1227 1825 1086 1085 1657 1136 1269 1414 1083 1767 1273 1231 1966 1685 1324 1536 1043 1022 1578 1262 1944 1363 1792 1907 1555 1417 1819 1564 1700 1197 1477 1575 1094 1650 1706 1907 1311 1863 1047 1977 1444 1431 1041 1047 1243 1765 1978 1240 1939 1745 1803 1294 1921 1216 1926 1570 1587 1632 1995 1370 1924 1958 1475 1974 BCNSPRNW ULIB Ver.6.0+V

เปลี่ยนเป็นภาษาไทย

Change to English
 แสดงรายละเอียดบรรณานุกรม
  กลับหน้าหลัก

Brief Record : Get Marc (ISO 2709) : E-mail record : QR code < ปิดหน้าต่าง
LEADER : 00000nam 2200000uu 4500
001    13399122035
003     ULIB
008    121220s2551||||th 000 0 tha d
020    ^a9789740321996
060 04 ^aWK810^bส723ค 2551
100 0  ^aสิทธิพร แอกทอง
245 10 ^aความผิดปกติของเส้นประสาทส่วนปลายในโรคเบาหวาน :^bความรู้ความเข้าใจเกี่ยวกับสาเหตุการเกิดในปัจจุบัน = Diabetic neuropathy : current concept on etiologies /^cสิทธิพร แอกทอง
246 31 ^aDiabetic neuropathy :^bcurrent concept on etiologies
250    ^aพิมพ์ครั้งที่ 1
260    ^aกรุงเทพฯ :^bโรงพิมพ์แห่งจุฬาลงกรณ์มหาวิทยาลัย,^c2551
300    ^a84 หน้า :^bภาพประกอบ ;^c21 ซม.
650  7 ^aเบาหวาน^xภาวะแทรกซ้อน
650  7 ^aประสาทเปลี่ยนแปลงเพราะเบาหวาน
945    ^p90^l0^i15211
945    ^p90^l0^i16193
995    ^aกัณชพร
999 ^a ใช้งานได้ทุกระบบ
รายการนี้ยังไม่มีแท็ก
คุณยังไม่ได้ล็อกอิน คุณสามารถมีกิจกรรมร่วมกับเว็บไซต์ได้ แต่ต้องล็อกอินก่อน ::
  ล็อกอิน

รายการสื่อสารสนเทศ

ลำดับที่ ประเภท เลขเรียก/บาร์โค้ด สถานที่ สถานะ
1. วิทยาศาสตร์การแพทย์ และสุขภาพ
วิทยาศาสตร์การแพทย์ และสุขภาพ
WK810 ส723ค 2551  
  Barcode: 15211
ห้องสมุดวิทยาเขตนครสวรรค์
►ส่วนจัดเก็บหนังสือเก่า นว.
บนชั้น
  ขอยืม
2. วิทยาศาสตร์การแพทย์ และสุขภาพ
วิทยาศาสตร์การแพทย์ และสุขภาพ
WK810 ส723ค 2551 ฉ.2 
  Barcode: 16193
ห้องสมุดวิทยาเขตนครสวรรค์
►ส่วนจัดเก็บหนังสือเก่า นว.
บนชั้น
  ขอยืม

รายการใกล้เคียง
    ผู้แต่ง [สิทธิพร แอกทอง]

    หัวเรื่อง [ประสาทเปลี่ยนแปลงเพราะเบาหวาน]

BibComment


ยังไม่เคยถูกคอมเมนท์

คอมเมนท์ทรัพยากรรายการนี้
  คอมเมนท์: ความผิดปกติของเส..


 Copyright 2026. Bcnsprnw @Library